Notre-Dame de Paris / (Record no. 18666)

MARC details
000 -LEADER
campo de control de longitud fija 00811nam a2200241 i 4500
001 - NÚMERO DE CONTROL
campo de control 18666
003 - IDENTIFICADOR DE NÚMERO DE CONTROL
campo de control ES-MaACL
005 - FECHA Y HORA DE LA ÚLTIMA TRANSACCIÓN
campo de control 20250809070329.0
007 - CAMPO FIJO DE DESCRIPCIÓN FÍSICA--INFORMACIÓN GENERAL
campo de control de longitud fija t|
008 - DATOS DE LONGITUD FIJA--INFORMACIÓN GENERAL
campo de control de longitud fija 020226s1999 fr ||||1| fre d
020 ## - NÚMERO INTERNACIONAL ESTÁNDAR DEL LIBRO
Número Internacional Estándar del Libro 2-253-00968-7
080 ## - NÚMERO DE LA CLASIFICACIÓN DECIMAL UNIVERSAL
Número de la Clasificación Decimal Universal 821.133.1-31"18"
100 1# - ENTRADA PRINCIPAL--NOMBRE DE PERSONA
Nombre de persona Hugo, Victor,
Fechas asociadas al nombre 1802-1885
9 (RLIN) 64627
245 10 - MENCIÓN DEL TÍTULO
Título Notre-Dame de Paris /
Mención de responsabilidad, etc. Victor Hugo ; introduction, notes et chronologie par Jacques Seebacher ; "Notre-Dame áa la scène et a l'écran"par Arnaud Laster.
260 ## - PUBLICACIÓN, DISTRIBUCIÓN, ETC.
Lugar de publicación, distribución, etc. [Paris] :
Nombre del editor, distribuidor, etc. Le Livre de Poche,
Fecha de publicación, distribución, etc. [1999]
300 ## - DESCRIPCIÓN FÍSICA
Extensión 733 p. ;
Dimensiones 18 cm.
490 1# - MENCIÓN DE SERIE
Mención de serie Le Livre de poche ;
Designación de volumen o secuencia 1698
700 1# - ENTRADA AGREGADA--NOMBRE PERSONAL
Nombre de persona Seebacher, Jacques.
9 (RLIN) 105082
700 1# - ENTRADA AGREGADA--NOMBRE PERSONAL
Nombre de persona Laster, Arnaud.
9 (RLIN) 70490
830 03 - PUNTO DE ACCESO ADICIONAL DE SERIE-TÍTULO UNIFORME
Título uniforme Le livre de poche
Designación de volumen o secuencia 1698
9 (RLIN) 179656
852 ## - LOCALIZACIÓN
Ubicación ES-MaACL
Número de control de estantería L-25456
Sublocalización o colección R.131398
Holdings
Estatus retirado Estado de pérdida Estado de daño No para préstamo Biblioteca de origen Biblioteca actual Ubicación en estantería Fecha de adquisición Fuente de adquisición Total de préstamos Signatura topográfica completa Código de barras Visto por última vez Precio de reemplazo Tipo de ítem Koha
        Biblioteca del Ateneo de Madrid Biblioteca del Ateneo de Madrid Depósito 2 17/01/2008     L-25456 1019100 23/02/2023 23/02/2023 Libro impreso